000 00279nam a22001217a 4500
008 190201b xxu||||| |||| 00| 0 eng d
041 _aeng
080 _a321
100 _a19
101 _aSHP
245 _aThe Political Economy of Urban Poverty
_cSackrey, Ch
942 _2udc
_cBK
999 _c53914
_d53914